000 00535nam a2200193 a 4500
005 20210223120437.0
008 991125s1990 mx 000 0 spa u
020 _a9686394559
035 _aUPN01000001352
049 _aI
050 4 _aQC880.4 A5
_bK4.38
100 1 _aKerrod, Robin,
_d1940-
_928826
245 1 0 _aAire en acción /
_bRobin Kerrod.
260 _aMéxico :
_bCONACYT :
_bSITESA,
_c1990.
300 _a31 p. :
_bil.
440 0 _aSecretos de la ciencia
650 4 _aAIRE -
_vLITERATURA JUVENIL
_921804
905 _aInfantil
999 _c1352
_d1352